Statistics for Capital Cities of Greyhawk

Click here to take the quiz!

General Stats

  • This quiz has been taken 92 times
  • The average score is 11 of 15

Answer Stats

QuestionAnswer% Correct
The Great KingdomRauxes
93%
Kingdom of NyrondRel Mord
92%
Kingdom of FuryondyChendl
91%
Theocracy of the PaleWintershiven
85%
KetLopolla
76%
Sea BaronsAsperdi
73%
Shield LandsAdmundfort
71%
The YeomanryLoftwick
71%
Kingdom of KeolandNiole Dra
71%
Hold of the Sea PrincesMonmurg
67%
VelunaMitrik
64%
North ProvinceEastfair
61%
CeleneEnstad
56%
Principality of UlekGryrax
52%
South ProvinceZelradton
51%

Score Distribution

Percentile by Number Answered

Percent of People with Each Score

Your Score History

You have not taken this quiz